01003 2200325 4500001002100000005001500021035002000036007000300056008004100059020002200100040002200122082001600144084001800160090002200178090002200200100005100222245009100273250003200364300002800396650003000424700004800454850001200502041000800514264003700522336002100559337003000580338002300610999002200633990002200655INLIS00000000084923220190705092219 a0010-0719000233ta190705s2012 yoi g j ind d a978-602-225-348-8 aYOPDYOGbinderda04223a808.301 a808.301 ANU k aDEP 808.301 ANU k aCB-D.11 2012-30600 aAnung D'Lizta,d1986-epenulisqNunung Hartati10aKumpulan cerpen berpijak di bumi /cpenulis, Anung D'Lizta, Sherlly Ken Anaqah Hamidah aCetakan pertama, Maret 2012 aiv, 88 halaman ;c19 cm 4aCerita pendek--xKumpulan0 aSherlly Ken Anaqah Hamidah,d1987-epenulis aYOPDYOG0 aind31aYogyakarta :bLeutikaprio,c2012 2rdacontentateks 2rdamediaatanpa perantara 2rdacarrieravolume aCB-D.11/2012-3060 aCB-D.11/2012-3060